000 00683nam a2200181Ia 4500
005 20250423094507.0
008 250422s9999 xx 000 0 und d
020 _a978-605-62918-0-7
050 _aDS 63.18 .C48/
100 _aÇetin, Altan
245 0 _aArap baharı ve Türkiye
260 _aÇankırı
260 _bÇankırı Karatekin Üniversitesi
260 _c2012
300 _a114 p
650 _aRevolutions -- Arab countries Arab spring, 2010- Arab countries -- Politics and government -- 20th century Arab countries -- Foreign relations -- Turkey Middle East -- Politics and government -- 20th century Turkey -- Foreign relations -- Arab countries
942 _cBK
999 _c27400
_d27400